Egyptian sculpture from the Gulbenkian collection.

محفوظ في:

المؤلف الرئيسي: Gulbenkian, Calouste Sarkis (مؤلف)

مؤلف مشترك: National Gallery of Art (U.S.)

التنسيق: كتاب

اللغة: English

منشور في: Washington : National Gallery of Art, Smithsonian Institution, 1949.

الموضوعات:

الوسوم: إضافة وسم

لا توجد وسوم, كن أول من يضع وسما على هذه التسجيلة!

رقم الطلب: NB75 .G91 1949

LEADER 00720namaa2200229 4500
001 25356
003 OSt
005 20250910065354.0
008 130303s1949 dcua c 000 0 eng d
010 |a 459001913 
040 |c ARCE Library 
050 4 |a NB75 .G91 1949 
100 1 |a Gulbenkian, Calouste Sarkis,  |e author  |9 31232 
245 1 0 |a Egyptian sculpture from the Gulbenkian collection. 
264 1 |a Washington :   |b National Gallery of Art, Smithsonian Institution,   |c 1949. 
300 |a 71 pages :   |b (p. [35]-71 illus.) ;   |c 24 cm. 
650 0 |a Sculpture, Egyptian  |v Exhibitions. 
650 0 |a Inscriptions, Egyptian. 
710 2 |a National Gallery of Art (U.S.) 
901 |a reviewed 
942 |c BK  |2 lcc 
999 |c 23785  |d 23785